Every spelling of “djellaba” - Statistics

General Stats
  • This quiz has been taken 5 times
  • The average score is 3 of 22
Answer Stats
Answer % Correct
djellaba
100%
jellaba
75%
jelab
50%
djellabah
25%
galabea
0%
galabeah
0%
galabia
0%
galabiah
0%
galabieh
0%
galabiyah
0%
gallabea
0%
gallabeah
0%
gallabia
0%
gallabiah
0%
gallabieh
0%
gallabiyah
0%
gallabiyeh
0%
jalabiah
0%
jalabiya
0%
jalabiyah
0%
jellabiya
0%
jilaabah
0%
No matching quizzes found
Score Distribution
Percent of People with Each Score
Percentile by Number Answered
Your Score History
You have not taken this quiz